| 000 | 00392nam a2200121Ia 4500 | ||
|---|---|---|---|
| 008 | 220615s9999||||xx |||||||||||||| ||und|| | ||
| 100 | _aWesterink, Herman | ||
| 245 | 2 |
_aA Dark Trace _bSigmund Freud on the Sense of Guilt |
|
| 546 | _aEnglish[eng] | ||
| 650 | _aPsychology||Psychotherapy | ||
| 856 | _uhttps://library.oapen.org/bitstream/20.500.12657/50658/1/external_content.pdf | ||
| 942 | _cEB | ||
| 999 |
_c10553 _d10553 |
||